| 000 | 00814nam a2200217 a 4500 | ||
|---|---|---|---|
| 001 | 000216491 | ||
| 003 | AM-YeHGA | ||
| 005 | 20250618071501.0 | ||
| 008 | 030407s2003 ai c||||r|||||||||1|arm|d | ||
| 020 | _a999309725x | ||
| 040 | _aAM-YeHGA | ||
| 041 | 0 | _aarm | |
| 100 | 1 |
_aՍիրունյան, Ղուկաս Տիգրանի, _d1949-2017 _92416 |
|
| 245 | 1 | 0 |
_aԱկանջօղեր հայրենիքիս : _b[Բանաստեղծություններ] / _cՂ. Սիրունյան ; Խմբ.՝ Վ. Ալեքսանյան. |
| 260 |
_aԵրևան : _bՀԳՄ հրատ., _c2003. |
||
| 300 |
_a96 էջ : _bդիմանկ. ; _c20 սմ. |
||
| 650 | 1 | 4 |
_aՀայ գրականություն _xՊոեզիա |
| 700 | 1 |
_aԱլեքսանյան, Վառլեն Գուրգենի, _d1942-2015 _eխմբ. _4edt _980 |
|
| 942 |
_2udc _cBK |
||
| 090 | _c77110 | ||
| 999 |
_c75877 _d75877 |
||